000 00603nam a2200205Ia 4500
005 20250923144623.0
008 008 250917s9999 xx 000 0 eng d
037 _aTextual
040 _aDSWL
_beng
_cDSWL
041 _aeng
_2eng
084 _aL9C:1.56'N5t4, N58
_qDSWL
100 _aFraer, L.M.
_9826718
245 0 _aEconomic thought and language
_cby L.M.Fraer .
260 _aLondon
_b Ruskin House George Allen & Unwin Ltd.
_c1958
300 _a177p.
365 _aINR
_b21
925 _g21
942 _cTEXL
_hL9C:1.56'N5t4, N58
999 _c1441263
_d1441263